中国高铁“八纵八横”通道 - 地图版 - Statistics

General Stats
  • This quiz has been taken 196 times
  • The average score is 62 of 104
Answers on the Map
Answers color-coded by a green-red scale on the quiz's map according to % correct below.
 
Answer Stats
Hint Answer % Correct
铁路枢纽城市 北京
79%
铁路枢纽城市 上海
76%
铁路枢纽城市 厦门
75%
铁路枢纽城市 天津
74%
铁路枢纽城市 乌鲁木齐
74%
铁路枢纽城市 广州
74%
铁路枢纽城市 深圳
74%
铁路枢纽城市 福州
74%
铁路枢纽城市 台北
74%
八纵通道 京沪通道
73%
铁路枢纽城市 哈尔滨
73%
铁路枢纽城市 大连
73%
铁路枢纽城市 郑州
73%
铁路枢纽城市 成都
73%
铁路枢纽城市 海口
73%
铁路枢纽城市 澳门
73%
铁路枢纽城市 香港
73%
铁路枢纽城市 青岛
72%
铁路枢纽城市 南京
72%
铁路枢纽城市 杭州
72%
铁路枢纽城市 重庆
72%
铁路枢纽城市 珠海
72%
铁路枢纽城市 沈阳
71%
铁路枢纽城市 济南
71%
铁路枢纽城市 连云港
71%
铁路枢纽城市 武汉
71%
铁路枢纽城市 长沙
71%
铁路枢纽城市 昆明
71%
铁路枢纽城市 南宁
71%
铁路枢纽城市 三亚
71%
铁路枢纽城市 长春
70%
铁路枢纽城市 宁波
70%
铁路枢纽城市 合肥
70%
铁路枢纽城市 南昌
70%
铁路枢纽城市 秦皇岛
69%
铁路枢纽城市 兰州
69%
铁路枢纽城市 南通
69%
铁路枢纽城市 湛江
69%
铁路枢纽城市 西宁
68%
铁路枢纽城市 银川
68%
铁路枢纽城市 西安
68%
铁路枢纽城市 石家庄
68%
八纵通道 京港(台)通道
67%
铁路枢纽城市 烟台
67%
铁路枢纽城市 徐州
67%
铁路枢纽城市 呼和浩特
66%
铁路枢纽城市 太原
66%
铁路枢纽城市 盐城
66%
铁路枢纽城市 贵阳
66%
铁路枢纽城市 张家口
65%
铁路枢纽城市 北海
65%
铁路枢纽城市 齐齐哈尔
64%
铁路枢纽城市 丹东
64%
铁路枢纽城市 包头
64%
铁路枢纽城市 防城港
64%
铁路枢纽城市 赣州
64%
八横通道 沪昆通道
62%
铁路枢纽城市 扬州
62%
铁路枢纽城市 满洲里
61%
铁路枢纽城市 大同
61%
铁路枢纽城市 延安
61%
铁路枢纽城市 桂林
61%
铁路枢纽城市 九江
60%
铁路枢纽城市 淮安
59%
铁路枢纽城市 东营
58%
铁路枢纽城市 龙岩
58%
铁路枢纽城市 蚌埠
56%
铁路枢纽城市 安庆
56%
铁路枢纽城市 莆田
56%
铁路枢纽城市 潍坊
55%
铁路枢纽城市 菏泽
55%
铁路枢纽城市 衡水
54%
铁路枢纽城市 临沂
54%
铁路枢纽城市 商丘
53%
铁路枢纽城市 黄冈
53%
铁路枢纽城市 张家界
53%
铁路枢纽城市 牡丹江
52%
铁路枢纽城市 襄阳
52%
铁路枢纽城市 宜昌
52%
八纵通道 沿海通道
51%
铁路枢纽城市 万州
51%
铁路枢纽城市 达州
48%
铁路枢纽城市 常德
48%
八横通道 沿江通道
46%
铁路枢纽城市 阜阳
46%
铁路枢纽城市 永州
46%
八纵通道 京昆通道
45%
铁路枢纽城市 绥芬河
45%
铁路枢纽城市 宜宾
45%
八横通道 广昆通道
41%
铁路枢纽城市 邵阳
41%
八横通道 京兰通道
40%
八纵通道 呼南通道
39%
八纵通道 包(银)海通道
39%
铁路枢纽城市 益阳
39%
八纵通道 兰(西)广通道
38%
八横通道 绥满通道
38%
八横通道 青银通道
36%
八横通道 厦渝通道
35%
铁路枢纽城市 海拉尔
32%
铁路枢纽城市 遂宁
31%
八横通道 陆桥通道
29%
铁路枢纽城市 黔江
26%
八纵通道 京哈~京港澳通道
18%
No matching quizzes found
Score Distribution
Percent of People with Each Score
Percentile by Number Answered
Your Score History
You have not taken this quiz